| 000 | 00654nam a2200253Ia 4500 | ||
|---|---|---|---|
| 003 | OSt | ||
| 005 | 20220918190614.0 | ||
| 006 | a|||||r|||| 00| 0 | ||
| 007 | ta | ||
| 008 | 220917b |||||||| |||| 00| 0 eng d | ||
| 024 | _a58,120 | ||
| 037 | _cTextual | ||
| 040 |
_aARTS _cARTS _beng |
||
| 041 |
_2eng _aeng |
||
| 082 | _aQ1:108451, 122G6 | ||
| 100 | _aBenveniste E | ||
| 245 | 0 | _aVrtra et vrogagna | |
| 260 | _c1936 | ||
| 490 | _aCahiers de la societe asiatique; 3 | ||
| 650 | _aRELIGION | ||
| 700 |
_a Renou Louis _947956 |
||
| 942 |
_hQ1:108451, 122G6 _cTEXL _2CC |
||
| 999 |
_c186107 _d186107 |
||